| 000 | 00537cam a22002171 4500 | ||
|---|---|---|---|
| 001 | ne 65002079 | ||
| 003 | DLC | ||
| 005 | 20260227111817.0 | ||
| 008 | 890514s1965 xx 000 0 ara | ||
| 010 | _ane 65002079 | ||
| 035 | _a(OCoLC)23503376 | ||
| 040 |
_aDLC _cMiU _dDLC |
||
| 042 | _apremarc | ||
| 050 | 0 | 0 |
_aBP187.4 _b.N3 |
| 100 | 1 | _aNaṣṣār, Muṣṭafā Kāmil. | |
| 245 | 1 | 0 | _aShubuhāt fī al-Islām. |
| 260 | _c[1965] | ||
| 300 |
_a245, [3] p. _c20 cm. |
||
| 500 | _aRomanized. | ||
| 610 | 2 | 0 | _aBlack Stone of Mecca. |
| 999 |
_c48398 _d48398 |
||